| 000 | 01446cam a22003974a 4500 | ||
|---|---|---|---|
| 001 | 6034915 | ||
| 003 | ARRUPE | ||
| 005 | 20131015123953.0 | ||
| 008 | 051219s2005 enk bd 001 0 eng | ||
| 010 | _a 2005015484 | ||
| 020 | _a0801026946 (U.S. edition) | ||
| 020 | _a028105780X (U.K. edition) | ||
| 024 | 8 | _aR9-542568 | |
| 035 | _a(OCoLC)60650870 | ||
| 035 | _a(OCoLC)ocm60650870 | ||
| 035 | _a(DLC) 2005015484 | ||
| 035 | _a(NNC)6034915 | ||
| 040 |
_aDLC _cDLC _dDLC |
||
| 042 | _apcc | ||
| 050 | 0 | 0 |
_aBS440 _b.D495 2005 |
| 100 |
_aVanhoozer, Kevin J _92549 |
||
| 245 | 0 | 0 |
_aDictionary for theological interpretation of the Bible / _cKevin J. Vanhoozer, general editor ; Craig G. Bartholomew, Daniel J. Treier, and N.T. Wright, associate editors. |
| 260 |
_aLondon : _bSPCK ; _aGrand Rapids, Mich. : _bBaker Academic, _cc2005. |
||
| 300 |
_a896 p. ; _c26 cm. |
||
| 504 | _aIncludes bibliographical references and indexes. | ||
| 630 | 0 | 0 |
_aBible _xTheology _vDictionaries. _92550 |
| 630 | 0 | 0 |
_aBible _xCriticism, interpretation, etc. _vDictionaries. _92551 |
| 700 | 1 |
_aVanhoozer, Kevin J. _92552 |
|
| 700 | 1 |
_aBartholomew, Craig G., _d1961- _92553 |
|
| 700 | 1 |
_aTreier, Daniel J., _d1972- _92554 |
|
| 700 | 1 |
_aWright, N. T. _q(Nicholas Thomas) _92555 |
|
| 856 | 4 | 1 |
_3Table of contents _uhttp://www.loc.gov/catdir/toc/ecip0514/2005015484.html |
| 942 |
_2lcc _cMONOGRAPH |
||
| 948 | 1 |
_a20070306 _bc _crad1 _dMPS |
|
| 999 |
_c118353 _d118353 |
||